000 00674nam a2200229Ia 4500
003 OSt
005 20220928103647.0
006 a|||||r|||| 00| 0
007 ta
008 220927b |||||||| |||| 00| 0 hin d
024 _a32950
037 _cReference Collections
040 _aSDCL
_cSDCL
_bhin
041 _2hin
_ahin
082 _aP152:4k, 111P7 RR
100 _aBhatia Kailashchandra
_9406436
245 0 _aAngerzi-Hindi Shabdon ka theek prayog.
260 _aNew Delhi
_bPrabhat Prakashan
_c2007
300 _a236p.
_ccm.
942 _hP152:4k, 111P7 RR
_cREF
_2CC
999 _c721997
_d721997